Vzťah zriaďovateľa a školy a školského zariadenia povinnosti obce vo veciach výchovy, vzdelávania a ekonomického riadenia
Vysvetlenie vzťahu zriaďovateľa a školy a školského zariadenia. Vplyv právneho postavenia a formy hospodárenia školy a školského zariadenia na práva a povinnosti školy a školského zariadenia ako samostatného právneho subjektu a tiež na práva a povinnosti zriaďovateľa školy a školského zariadenia.
Guardado en:
| Autor principal: | |
|---|---|
| Formato: | Capítulo de libro |
| Lenguaje: | eslovaco |
| Materias: | |
| Etiquetas: |
Sin Etiquetas, Sea el primero en etiquetar este registro!
|
MARC
| LEADER | 00000naa a2200000 4500 | ||
|---|---|---|---|
| 001 | 0292521 | ||
| 005 | 20240417075237.4 | ||
| 041 | 0 | |a slo | |
| 044 | |a SK | ||
| 245 | 1 | 0 | |a Vzťah zriaďovateľa a školy a školského zariadenia |b povinnosti obce vo veciach výchovy, vzdelávania a ekonomického riadenia |c Ingrid Konečná Veverková |
| 520 | |a Vysvetlenie vzťahu zriaďovateľa a školy a školského zariadenia. Vplyv právneho postavenia a formy hospodárenia školy a školského zariadenia na práva a povinnosti školy a školského zariadenia ako samostatného právneho subjektu a tiež na práva a povinnosti zriaďovateľa školy a školského zariadenia. | ||
| 610 | 2 | 0 | |a školy |
| 610 | 2 | 0 | |a obce |
| 610 | 2 | 0 | |a zákony |
| 610 | 2 | 0 | |a riadenie hospodárske |
| 610 | 2 | 0 | |a výchova |
| 610 | 2 | 0 | |a vzdelávanie |
| 610 | 2 | 0 | |a zmluvy |
| 610 | 2 | 0 | |a kontrolóri |
| 100 | 1 | |a Konečná Veverková, Ingrid | |